000 00507nam a22001697a 4500
999 _c8333
_d8333
008 201113b ||||| |||| 00| 0 eng d
040 _aBMS College of Architecture
100 _aTabassum, K Husna
245 _aA piece of Bangalore
300 _aNA
500 _a1BM15AT036
502 _8B,Arch
_NBMS College of Architecture, Visvesvaraya Technological University (VTU)
_aProject report
_d2019
650 _aBangalore
700 _aMaithily V
_eGuide
700 _aPraveen Alva
_eGuide
942 _2ddc
_cTHE